Dynamic Web Application Development using ASP.NET/ (Record no. 14025)
[ view plain ]
| 000 -LEADER | |
|---|---|
| fixed length control field | 00954nam a22002177a 4500 |
| 008 - FIXED-LENGTH DATA ELEMENTS--GENERAL INFORMATION | |
| fixed length control field | 100530t xxu||||| |||| 00| 0 eng d |
| 020 ## - INTERNATIONAL STANDARD BOOK NUMBER | |
| International Standard Book Number | 9781408017647 |
| 082 ## - DEWEY DECIMAL CLASSIFICATION NUMBER | |
| Edition number | 22 |
| Classification number | 005.276 |
| Item number | GRA |
| 100 ## - MAIN ENTRY--PERSONAL NAME | |
| 9 (RLIN) | 14385 |
| Personal name | Gravell, Andy |
| 245 ## - TITLE STATEMENT | |
| Title | Dynamic Web Application Development using ASP.NET/ |
| Statement of responsibility, etc | Andy Gravell, David Parsons |
| 260 ## - PUBLICATION, DISTRIBUTION, ETC. (IMPRINT) | |
| Place of publication, distribution, etc | Australia : |
| Name of publisher, distributor, etc | Course Technology, Cengage Learning, 2010. |
| Date of publication, distribution, etc | 2010 |
| 300 ## - PHYSICAL DESCRIPTION | |
| Extent | xix, 604 p. : |
| Other physical details | ill. ; |
| Dimensions | 25 cm. |
| 500 ## - GENERAL NOTE | |
| General note | Includes index. |
| 630 ## - SUBJECT ADDED ENTRY--UNIFORM TITLE | |
| 9 (RLIN) | 14387 |
| Uniform title | Active server pages |
| 650 ## - SUBJECT ADDED ENTRY--TOPICAL TERM | |
| 9 (RLIN) | 11303 |
| Topical term or geographic name as entry element | Web site development. |
| 650 ## - SUBJECT ADDED ENTRY--TOPICAL TERM | |
| 9 (RLIN) | 3680 |
| Topical term or geographic name as entry element | Internet programming. |
| 700 ## - ADDED ENTRY--PERSONAL NAME | |
| 9 (RLIN) | 14386 |
| Personal name | Parsons, David |
| 942 ## - ADDED ENTRY ELEMENTS (KOHA) | |
| Source of classification or shelving scheme | Dewey Decimal Classification |
| Item type | Book - Borrowing |
| Withdrawn status | Item status | Source of classification or shelving scheme | Damaged status | Not for loan | Vendor | Home library | Current library | Shelving location | Date acquired | Source of acquisition | Total Checkouts | Full call number | Barcode | Date last seen | Date last borrowed | Koha item type |
|---|---|---|---|---|---|---|---|---|---|---|---|---|---|---|---|---|
| Dewey Decimal Classification | Central Library | Central Library | Lower Floor | 30/05/2010 | 1 | 005.276 GRA | 000020945 | 15/07/2025 | 14/06/2015 | Book - Borrowing | ||||||
| Dewey Decimal Classification | Central Library | Central Library | Lower Floor | 01/06/2010 | 1 | 005.276 GRA | 000014274 | 15/07/2025 | 15/04/2013 | NB - Book (Non borrowing) |